Tragedias, poesías y obras varias. tomo i /

Guardado en:
Autor Principal: Manzoni, Alejandro
Formato: Libro
Publicado: Madrid : Hernando, 1891
Materias:
Etiquetas: Agregar Etiqueta
Sin Etiquetas, Sea el primero en etiquetar este registro!
LEADER 00540nam a22001935a 4500
001 CEM.cems004134
005 20060216000000.0
008 130507s1891##################000#0#####d
003 CEMS
082 0 4 |a 858.7 
100 1 |a Manzoni, Alejandro 
245 1 0 |a Tragedias, poesías y obras varias. tomo i / 
260 |a Madrid :  |b Hernando,  |c 1891 
300 |a 338 p. 
653 |a Literatura 
653 |a Literatura italiana 
653 |a Poesia italiana 
653 |a Tragedia italiana 
859 |a CEMS  |b BIB. CEMS - 11 de abril  |h 858.7  |i M318/I  |p 5628.76  |t Ej.1